| 000 | 02064cam a22003491i 4500 | ||
|---|---|---|---|
| 003 | SA-RiAUC | ||
| 005 | 20241127135102.0 | ||
| 008 | 241127s2010____jo g b 001 0 ara c | ||
| 020 | _a9789957211738 | ||
| 040 |
_aSA-JeALM _bara _cSA-RiAUC _erda |
||
| 082 | 0 | 4 |
_a258.4 _qSA-RiAUC |
| 090 |
_a258.4 _bا ب ن ر |
||
| 100 | 1 |
_aابن رجب، عبد الرحمن بن أحمد بن رجب، _d736-795 هجري _eمؤلف. |
|
| 245 | 1 | 2 |
_aالقواعد في الفقه، المسمى، تقرير القواعد وتحرير الفوائد / _cابن رجب الحنبلي ؛ تحقيق إياد بن عبد اللطيف بن إبراهيم القيسي. |
| 246 | 3 | 3 | _aتقرير القواعد وتحرير الفوائد |
| 250 |
_aالطبعة الثانية. _bمزيدة ومنقحة |
||
| 264 | 1 |
_aعمان، الأردن : _bبيت الأفكار الدولية، _c2010 |
|
| 300 |
_a922 صفحة ؛ _c24 سم |
||
| 336 |
_aنص _btxt _2rdacontent _3كتاب |
||
| 337 |
_aبدون وسيط _bn _2rdamedia |
||
| 338 |
_aمجلد _bnc _2rdacarrier |
||
| 500 | _aتتميز هذه النسخة بوجود التعليقات الصحيحة للعلامة ابن عثيمين رحمة الله مع تعليقات يسيره للعلامة السعدي وفي آخره فهرس للمسائل الفقهية للشيخ جلال الدين أبي الفرج نصر الدين البغدادي الحنبلي. | ||
| 500 | _aيشتمل على كشافات. | ||
| 504 | _aيشتمل على ببليوجرافية. | ||
| 650 | 7 |
_aالفقه الحنبلي _2aucsh |
|
| 700 | 1 |
_aالقيسي، إياد بن عبد اللطيف بن إبراهيم، _d1960- _eمحقق. |
|
| 700 | 1 |
_aابن عثيمين، محمد بن عبد الله، _d1270-1363 هجري _eمعلق. |
|
| 700 | 1 |
_aالسعدي، عبد الرحمن بن ناصر بن عبد الله، _d1307-1376 هجري _eمعلق. |
|
| 700 | 1 |
_aالبغدادي، جلال الدين أبي الفرج نصر الدين _eمكشف. |
|
| 942 |
_2ddc _cBOOK _n0 |
||
| 949 |
_aSA-JeALM _d241127 _uosman123 _n1 |
||
| 999 |
_c2805 _d2805 |
||